[Event "SVK-chT4 A21 2122"]
[Site "Slovakia"]
[Date "2022.05.01"]
[Round "5.4"]
[White "Palka, Miroslav"]
[Black "Drozd, Jan"]
[Result "1-0"]
[WhiteElo "1731"]
[BlackElo "1483"]
[PlyCount "79"]
[EventDate "2021.10.17"]
[EventType "team-tourn"]
[EventRounds "11"]
[EventCountry "SVK"]
[SourceTitle "EXT 2024"]
[Source "ChessBase"]
[SourceDate "2023.10.10"]
[SourceVersion "1"]
[SourceVersionDate "2023.10.10"]
[SourceQuality "1"]
[WhiteTeam "Senica"]
[BlackTeam "Brezova pod Bradlom"]
[WhiteTeamCountry "SVK"]
[BlackTeamCountry "SVK"]

1. c4 Nf6 2. d4 e6 3. Nc3 d5 4. Bf4 c6 5. Nf3 Bb4 6. Qb3 Bxc3+ 7. bxc3 dxc4 8. Qxc4 Nbd7 9. g3 Nb6 10. Qd3 0-0 11. Bg2 Nfd5 12. Bd2 f5 13. 0-0 Nd7 14. c4 N5f6 15. Bb4 Re8 16. Bd6 Ne4 17. Ba3 Qf6 18. Nd2 Nxd2 19. Qxd2 e5 20. d5 cxd5 21. Bxd5+ Kh8 22. Rac1 Qa6 23. Bf7 Qxa3 24. Bxe8 Qe7 25. Bh5 Nf6 26. Bf3 e4 27. Bg2 Bd7 28. Rfd1 Bc6 29. Qd6 Qf7 30. f3 h6 31. fxe4 fxe4 32. Qf4 Qg6 33. Rd6 Re8 34. Rcd1 Qh5 35. e3 Qe2 36. Bf1 Qh5 37. R1d2 Qa5 38. Bh3 Qb6 39. Rxf6 gxf6 40. Qxf6+ 1-0

[Event "SVK-chT4 A21 1920"]
[Site "Slovakia"]
[Date "2019.12.15"]
[Round "5.4"]
[White "Drozd, Jan"]
[Black "Damborsky, Pavol"]
[Result "1/2-1/2"]
[WhiteElo "1513"]
[BlackElo "1581"]
[PlyCount "126"]
[EventDate "2019.10.13"]
[EventType "team-tourn"]
[EventRounds "11"]
[EventCountry "SVK"]
[SourceTitle "CBM 194 Extra"]
[Source "ChessBase"]
[SourceDate "2020.03.31"]
[SourceVersion "1"]
[SourceVersionDate "2020.03.31"]
[SourceQuality "1"]
[WhiteTeam "Senica CVC II"]
[BlackTeam "Kopcany"]
[WhiteTeamCountry "SVK"]
[BlackTeamCountry "SVK"]

1. e4 e5 2. Nf3 d6 3. d4 exd4 4. Qxd4 Nc6 5. Bb5 Bd7 6. Bxc6 Bxc6 7. Nc3 h6 8. Bf4 f6 9. 0-0-0 g5 10. Be3 Bg7 11. Nd5 Qd7 12. Qd2 Ne7 13. h4 Bxd5 14. exd5 Qb5 15. hxg5 fxg5 16. Bd4 Bxd4 17. Qxd4 0-0-0 18. Rhe1 Rhe8 19. Qxa7 Qa6 20. Qxa6 bxa6 21. c4 Kd7 22. Nd4 a5 23. Re6 Ng8 24. Rde1 Rf8 25. f3 Rf4 26. R1e4 Rxe4 27. Rxe4 Rf8 28. Ne6 Rf7 29. Kd2 Nf6 30. Re3 g4 31. Kd3 Nh5 32. fxg4 Nf4+ 33. Nxf4 Rxf4 34. Rg3 c5 35. g5 hxg5 36. Rxg5 Ke7 37. Kc3 Rf2 38. a3 a4 39. b4 axb3 40. Kxb3 Kf6 41. Rg3 Re2 42. Ka4 Rb2 43. Ka5 Kf5 44. a4 Rb4 45. Ra3 Rxc4 46. Kb6 Rb4+ 47. Kc6 c4 48. Rc3 Rxa4 49. Kxd6 Ke4 50. Kc5 Ra5+ 51. Kxc4 Rxd5 52. Rg3 Rd2 53. Kc3 Rf2 54. Rg4+ Ke3 55. Rg3+ Kf4 56. Rg8 Ke3 57. g4 Rg2 58. g5 Ke4 59. g6 Kf5 60. Rf8+ Ke6 61. Rg8 Rg5 62. g7 Kf7 63. Ra8 Rxg7 1/2-1/2

[Event "SVK-chT5 1516"]
[Site "Slovakia"]
[Date "2016.01.16"]
[Round "5.2"]
[White "Damborsky, Pavol"]
[Black "Drozd, Jan"]
[Result "1/2-1/2"]
[WhiteElo "1674"]
[BlackElo "1554"]
[PlyCount "78"]
[EventDate "2015.10.24"]
[EventType "team-tourn"]
[EventRounds "9"]
[EventCountry "SVK"]
[SourceTitle "EXT 2017"]
[Source "ChessBase"]
[SourceDate "2016.10.25"]
[SourceVersion "1"]
[SourceVersionDate "2016.10.25"]
[SourceQuality "1"]
[WhiteTeam "Kopcany"]
[BlackTeam "Senica III"]
[WhiteTeamCountry "SVK"]
[BlackTeamCountry "SVK"]

1. e4 c5 2. Bc4 d6 3. Nf3 Nf6 4. d3 e6 5. Bg5 Be7 6. Nbd2 Nc6 7. a3 Bd7 8. h3 a6 9. Bxf6 Bxf6 10. c3 b5 11. Ba2 0-0 12. Nf1 e5 13. Ng3 Be6 14. Bd5 Bxd5 15. exd5 Ne7 16. c4 Re8 17. Ne4 Ng6 18. 0-0 Be7 19. Qd2 h6 20. Ng3 Qd7 21. Nh2 Bg5 22. Qc2 Rf8 23. Nf3 Be7 24. Rae1 Rae8 25. Nh2 f5 26. Ne2 f4 27. Nf3 Nh4 28. Nxh4 Bxh4 29. Kh1 f3 30. Ng1 fxg2+ 31. Kxg2 Qf5 32. Re4 Bd8 33. Qd2 Rf6 34. Rg4 Rg6 35. Qe2 Rf8 36. Rxg6 Qxg6+ 37. Kh1 Qf5 38. b3 Bh4 39. f3 Rf6 1/2-1/2

[Event "SVK-chT5 1516"]
[Site "Slovakia"]
[Date "2015.12.19"]
[Round "4.2"]
[White "Drozd, Jan"]
[Black "Kovarik, Otto"]
[Result "1/2-1/2"]
[WhiteElo "1554"]
[BlackElo "1820"]
[PlyCount "63"]
[EventDate "2015.10.24"]
[EventType "team-tourn"]
[EventRounds "9"]
[EventCountry "SVK"]
[SourceTitle "CBM 170 Extra"]
[Source "ChessBase"]
[SourceDate "2016.02.25"]
[SourceVersion "1"]
[SourceVersionDate "2016.02.25"]
[SourceQuality "1"]
[WhiteTeam "Senica III"]
[BlackTeam "Holic II"]
[WhiteTeamCountry "SVK"]
[BlackTeamCountry "SVK"]

1. e4 c5 2. Nc3 e6 3. g3 Nc6 4. Bg2 Nf6 5. d3 Be7 6. f4 d6 7. Nf3 0-0 8. 0-0 a6 9. Be3 Qc7 10. a3 Rb8 11. e5 Ng4 12. exd6 Bxd6 13. Bd2 b5 14. Ne4 Be7 15. Nfg5 Nf6 16. Rb1 Bb7 17. Bc3 Nd4 18. Bxd4 cxd4 19. Nxf6+ Bxf6 20. Bxb7 Rxb7 21. Ne4 Be7 22. Rc1 b4 23. a4 Qc6 24. b3 Rc7 25. Nd2 e5 26. fxe5 Bg5 27. Nc4 Bxc1 28. Qxc1 Qe6 29. Qf4 Rd7 30. Nd6 Qd5 31. Qf5 Re7 32. Nc4 1/2-1/2

[Event "SVK-chT4 A21 1516"]
[Site "Slovakia"]
[Date "2015.11.22"]
[Round "4.2"]
[White "Drozd, Jan"]
[Black "Kovarik, Otto"]
[Result "0-1"]
[WhiteElo "1538"]
[BlackElo "1820"]
[PlyCount "42"]
[EventDate "2015.10.04"]
[EventType "team-tourn"]
[EventRounds "11"]
[EventCountry "SVK"]
[SourceTitle "CBM 170 Extra"]
[Source "ChessBase"]
[SourceDate "2016.02.25"]
[SourceVersion "1"]
[SourceVersionDate "2016.02.25"]
[SourceQuality "1"]
[WhiteTeam "Senica CVC II"]
[BlackTeam "Holic"]
[WhiteTeamCountry "SVK"]
[BlackTeamCountry "SVK"]

1. e4 c5 2. Nc3 e6 3. g3 d5 4. exd5 exd5 5. d4 Nf6 6. Bg2 Be6 7. Nf3 h6 8. 0-0 Nc6 9. Re1 Be7 10. dxc5 Bxc5 11. Na4 Be7 12. Nd4 Nxd4 13. Qxd4 0-0 14. Nc3 Re8 15. Bf4 Bd6 16. Bxd6 Qxd6 17. Rad1 a6 18. Nxd5 Nxd5 19. Bxd5 Bxd5 20. Rxe8+ Rxe8 21. Qxd5 Re1+ 0-1

[Event "SVK-chT5 SE-SI 1415"]
[Site "Slovakia"]
[Date "2015.01.10"]
[Round "6.2"]
[White "Drozd, Jan"]
[Black "Tomasovic, Roman"]
[Result "1/2-1/2"]
[WhiteElo "1509"]
[BlackElo "1363"]
[PlyCount "71"]
[EventDate "2014.10.18"]
[EventType "team-tourn"]
[EventRounds "11"]
[EventCountry "SVK"]
[SourceTitle "EXT 2022"]
[Source "ChessBase"]
[SourceDate "2021.10.06"]
[SourceVersion "1"]
[SourceVersionDate "2021.10.06"]
[SourceQuality "1"]
[WhiteTeam "Senica Slovakia"]
[BlackTeam "Stefanov II"]
[WhiteTeamCountry "SVK"]
[BlackTeamCountry "SVK"]

1. d4 d5 2. c4 dxc4 3. e3 Be6 4. Qa4+ Qd7 5. Qc2 b5 6. Nf3 Bd5 7. Be2 e6 8. Nc3 Bb4 9. 0-0 Bxc3 10. Qxc3 Nc6 11. a3 Nf6 12. b4 0-0 13. Nd2 Ne7 14. f3 a6 15. Rd1 Bc6 16. e4 Ne8 17. Nf1 f6 18. Be3 Nd6 19. Ng3 Qe8 20. Rac1 f5 21. exf5 Nd5 22. Qd2 Nxe3 23. Qxe3 Nxf5 24. Qe5 Nxg3 25. Qxg3 Bd5 26. Qxc7 Rc8 27. Qg3 Qc6 28. Rc3 Rf7 29. Re1 Rcf8 30. Rf1 Qb6 31. Rd1 a5 32. bxa5 Qxa5 33. Rdc1 Qb6 34. Qf2 Rf4 35. Rd1 Qa5 36. Qe3 1/2-1/2

[Event "SVK-chT5 SE-SI 1415"]
[Site "Slovakia"]
[Date "2014.11.15"]
[Round "3.1"]
[White "Brunovsky, Peter"]
[Black "Drozd, Jan"]
[Result "1-0"]
[WhiteElo "1869"]
[BlackElo "1509"]
[PlyCount "69"]
[EventDate "2014.10.18"]
[EventType "team-tourn"]
[EventRounds "11"]
[EventCountry "SVK"]
[SourceTitle "EXT 2022"]
[Source "ChessBase"]
[SourceDate "2021.10.06"]
[SourceVersion "1"]
[SourceVersionDate "2021.10.06"]
[SourceQuality "1"]
[WhiteTeam "Gbely Nafta IV"]
[BlackTeam "Senica Slovakia"]
[WhiteTeamCountry "SVK"]
[BlackTeamCountry "SVK"]

1. d4 Nf6 2. Nf3 e6 3. Bf4 d5 4. e3 Nbd7 5. Bd3 Be7 6. h3 c5 7. c3 c4 8. Bc2 b5 9. a3 Bb7 10. Nbd2 0-0 11. 0-0 h6 12. Re1 Re8 13. Bh2 Ne4 14. Ne5 Nxe5 15. Bxe5 Nxd2 16. Qxd2 Bf6 17. Rf1 Bxe5 18. dxe5 f5 19. Qd4 Qe7 20. g4 Rf8 21. Kh2 Qh4 22. gxf5 Qxd4 23. exd4 exf5 24. f4 Bc8 25. Rg1 Be6 26. Rg6 Bf7 27. Ra6 g6 28. Rg1 Kh7 29. h4 Rfe8 30. h5 Re6 31. hxg6+ Kg7 32. gxf7+ Kxf7 33. Rxe6 Kxe6 34. Rg6+ Kf7 35. Bxf5 1-0

[Event "Senica op 6th"]
[Site "Senica"]
[Date "2014.08.31"]
[Round "7"]
[White "Ulehla, Jakub"]
[Black "Drozd, Jan"]
[Result "1-0"]
[WhiteElo "1505"]
[BlackElo "1533"]
[PlyCount "99"]
[EventDate "2014.08.27"]
[EventType "swiss"]
[EventRounds "7"]
[EventCountry "SVK"]
[SourceTitle "EXT 2016"]
[Source "ChessBase"]
[SourceDate "2015.10.08"]
[SourceVersion "1"]
[SourceVersionDate "2015.10.08"]
[SourceQuality "1"]

1. e4 c5 2. Nf3 Nc6 3. Nc3 d6 4. d4 cxd4 5. Nxd4 Nf6 6. Be3 a6 7. Be2 e5 8. Nf3 Be6 9. 0-0 Be7 10. Qd2 0-0 11. Rad1 h6 12. Rfe1 Qc7 13. a3 Rfd8 14. Qc1 d5 15. exd5 Nxd5 16. Nxd5 Bxd5 17. Rd2 b5 18. Red1 Be6 19. b4 Rxd2 20. Rxd2 Rd8 21. Qd1 Rxd2 22. Qxd2 f5 23. Qc3 Bf6 24. Qd2 e4 25. Ne1 Be5 26. h3 Nd8 27. Bc5 Nf7 28. f3 Nd6 29. f4 Nc4 30. Bxc4 Bxc4 31. fxe5 Qxe5 32. c3 Qe6 33. Qd6 Qxd6 34. Bxd6 g5 35. g3 h5 36. h4 gxh4 37. gxh4 Kf7 38. Kf2 Ke6 39. Bh2 Kf6 40. Ke3 Ke6 41. Nc2 Kf6 42. Nd4 Bd5 43. Kf4 Be6 44. Nxe6 Kxe6 45. Bg1 Kd5 46. Kxf5 Kc4 47. Kxe4 Kxc3 48. Kf5 Kb3 49. Kg5 Kxa3 50. Bc5 1-0

[Event "Senica op 02"]
[Site "Senica"]
[Date "2014.02.27"]
[Round "5"]
[White "Drozd, Jan"]
[Black "Filipek, Norbert"]
[Result "1/2-1/2"]
[WhiteElo "1574"]
[BlackElo "1291"]
[PlyCount "66"]
[EventDate "2014.02.24"]
[EventType "swiss"]
[EventRounds "7"]
[EventCountry "SVK"]
[SourceTitle "CBM 159 Extra"]
[Source "ChessBase"]
[SourceDate "2014.04.24"]
[SourceVersion "1"]
[SourceVersionDate "2014.04.24"]
[SourceQuality "1"]

1. e4 c5 2. Nf3 e6 3. d4 cxd4 4. Nxd4 Nf6 5. Nc3 d6 6. Bg5 Be7 7. f4 a6 8. Qf3 Nbd7 9. Bc4 Rb8 10. a4 Qc7 11. Bd3 h6 12. Bxf6 Bxf6 13. Nde2 Qb6 14. Rb1 Bxc3+ 15. Nxc3 Qc5 16. Nd1 Nf6 17. Nf2 Qb4+ 18. c3 Qxa4 19. 0-0 Bd7 20. e5 dxe5 21. fxe5 Nd5 22. Ne4 Rf8 23. Nd6+ Ke7 24. Qg3 g5 25. Ne4 Bb5 26. b3 Qa5 27. c4 Qb6+ 28. Kh1 Qe3 29. Rfe1 Qxg3 30. Nxg3 Nf4 31. cxb5 Nxd3 32. Re3 Nf4 33. bxa6 bxa6 1/2-1/2

[Event "Senica op 02"]
[Site "Senica"]
[Date "2014.02.27"]
[Round "4"]
[White "Volna, Lukas"]
[Black "Drozd, Jan"]
[Result "1-0"]
[WhiteElo "1838"]
[BlackElo "1574"]
[PlyCount "101"]
[EventDate "2014.02.24"]
[EventType "swiss"]
[EventRounds "7"]
[EventCountry "SVK"]
[SourceTitle "CBM 159 Extra"]
[Source "ChessBase"]
[SourceDate "2014.04.24"]
[SourceVersion "1"]
[SourceVersionDate "2014.04.24"]
[SourceQuality "1"]

1. e4 c5 2. b3 Nc6 3. Bb2 d6 4. f4 e6 5. Nf3 Nf6 6. d3 e5 7. fxe5 dxe5 8. Nxe5 Nxe5 9. Bxe5 Be7 10. Nd2 0-0 11. Be2 Be6 12. 0-0 Nd7 13. Bb2 Qc7 14. Nf3 Bd6 15. Qe1 Ne5 16. Nxe5 Bxe5 17. Bxe5 Qxe5 18. Bf3 Rad8 19. Qf2 b6 20. Rfd1 f5 21. exf5 Bxf5 22. Re1 Qf6 23. Rad1 Bg4 24. Re3 Qd6 25. Rf1 Rf6 26. Qe2 Rdf8 27. Re8 Qd4+ 28. Kh1 Bxf3 29. Rxf8+ Kxf8 30. gxf3 h6 31. Qe4 Qd7 32. Re1 Kf7 33. Re2 g6 34. Qa8 h5 35. Qh8 Rd6 36. Qh7+ Kf6 37. Qxd7 Rxd7 38. Kg2 g5 39. Kg3 Kf5 40. Re8 h4+ 41. Kf2 Rd6 42. Ke3 g4 43. Rf8+ Kg5 44. Rg8+ Rg6 45. Rxg6+ Kxg6 46. fxg4 Kg5 47. h3 a6 48. Ke4 a5 49. c3 b5 50. d4 cxd4 51. cxd4 1-0

[Event "Senica op 02"]
[Site "Senica"]
[Date "2014.02.24"]
[Round "1"]
[White "Drozd, Jan"]
[Black "Palka, Miroslav"]
[Result "0-1"]
[WhiteElo "1574"]
[BlackElo "1929"]
[PlyCount "62"]
[EventDate "2014.02.24"]
[EventType "swiss"]
[EventRounds "7"]
[EventCountry "SVK"]
[SourceTitle "CBM 159 Extra"]
[Source "ChessBase"]
[SourceDate "2014.04.24"]
[SourceVersion "1"]
[SourceVersionDate "2014.04.24"]
[SourceQuality "1"]

1. e4 c5 2. Nf3 d6 3. d4 cxd4 4. Nxd4 Nf6 5. Nc3 g6 6. f3 Bg7 7. Be3 0-0 8. Bc4 Nc6 9. Qd2 Bd7 10. Bb3 Qa5 11. 0-0-0 Rfc8 12. h4 Ne5 13. Kb1 Nc4 14. Bxc4 Rxc4 15. Nb3 Qa6 16. g4 Rac8 17. h5 Bxg4 18. fxg4 Rxc3 19. bxc3 Nxe4 20. Qd3 Nxc3+ 21. Kc1 Qa3+ 22. Kd2 Nxd1 23. Rxd1 Qb4+ 24. Kc1 Rc3 25. Qe2 Qa3+ 26. Kd2 Qxa2 27. Nc1 Rxc2+ 28. Ke1 Rxe2+ 29. Nxe2 Qe6 30. Bd2 Qxg4 31. hxg6 fxg6 0-1